000
00239nam a22001097a 4500
041
_a
eng
080
_a
80
100
_a
Guralnik, David
245
_a
Webster`s New World Dictonery. Elementary Edition
650
_a
Reference
999
_c
278154
_d
278154
942
_c
BK